00598nam a2200205 a 4500001001300000003000900013005001700022008004100039020002400080082001800104100002000122245007800142260005000220300000900270500003500279505001000314650002900324650001900353700002000372nice12345678IN_TiNIC20260116013103.0050524s1990 cama grp 000 0 eng  a0521685 c188000a272.0946bMON aMonter, William aFrontiers of Heresyb Spanish Inquisition from the Basque Lands to Sicily aCambridge bCambridge University Press c1990 a345p aincludes index and biblioraphy2 aIndex aInquisition-Spain Aragon aAragon-History1 aMonter, William